Statistics for Low healthy life expectancy, by continent

Click here to take the quiz!

General Stats

  • This quiz has been taken 13 times
  • The average score is 28 of 36

Answer Stats

P / EHYContinentCOUNTRY% Correct
4 / 65.5EuropeBelarus
100%
1 / 63.5EuropeRussia
100%
3 / 64.0EuropeUkraine
100%
1 / 55.3North AmericaHaiti
91%
1 / 57.8OceaniaKiribati
91%
6 / 66.2EuropeLatvia
91%
5 / 66.1EuropeLithuania
91%
2 / 63.6EuropeMoldova
91%
2 / 58.0OceaniaPapua New Guinea
91%
2 / 62.5North AmericaBelize
82%
2 / 63.0South AmericaBolivia
82%
5 / 66.0South AmericaBrazil
82%
3 / 47.2AfricaChad
82%
4 / 61.3OceaniaFiji
82%
1 / 58.3South AmericaGuyana
82%
3 / 61.1OceaniaMicronesia
82%
6 / 48.9AfricaNigeria
82%
4 / 57.7AsiaPakistan
82%
4 / 65.3South AmericaParaguay
82%
3 / 63.2South AmericaSuriname
82%
6 / 62.7OceaniaVanuatu
82%
6 / 66.1South AmericaVenezuela
82%
1 / 53.0AsiaAfghanistan
73%
1 / 44.9AfricaCentral African Republic
73%
5 / 64.2North AmericaGuatemala
73%
2 / 46.6AfricaLesotho
73%
4 / 63.4North AmericaSaint Vincent
73%
4 / 47.6AfricaSierra Leone
73%
5 / 61.9OceaniaSolomon Islands
73%
3 / 63.3North AmericaTrinidad and Tobago
73%
5 / 57.9AsiaLaos
64%
6 / 58.4AsiaMyanmar
64%
3 / 55.8AsiaSyria
64%
2 / 55.1AsiaYemen
64%
6 / 64.7North AmericaGrenada
55%
5 / 48.3AfricaCote d'Ivoire
27%

Score Distribution

Percentile by Number Answered

Percent of People with Each Score

Your Score History

You have not taken this quiz